Causa criminal instruida al Exmo. Sr. Presidente Constitucional, general de división D. Antonio López de Santa-Anna, acusado del delito de traición contra la forma de gobierno establecida en las bases orgánicas

Detalles Bibliográficos
Autor principal: Santa Anna, Antonio López de, 1794 ?-1876
Otros Autores: Lara, José Mariano, 1800-1892, impr
Formato: Libro
Lenguaje:Spanish
Publicado: México : imprenta de Lara, calle de la Palma número..., 18--
Materias:
Colección:Banco de datos
Acervo:Universidad Autónoma Benito Juárez de Oaxaca. Biblioteca Francisco de Burgoa. Colección histórica
Descripción Física:[3] h., 245, 180 p. ; 22.5 cm.
Tema general:Derecho penal
Notas:Portada tipográfica con viñeta. Texto a renglón seguido con paginación en números arábigos, notas a pie de página y signaturas. Encuadernación en cartón con lomo en piel
LEADER 01065nam a22001810004500
035 |a 1518 
041 0 |a spa 
100 1 |a Santa Anna, Antonio López de, 1794 ?-1876 
245 1 0 |a Causa criminal instruida al Exmo. Sr. Presidente Constitucional, general de división D. Antonio López de Santa-Anna, acusado del delito de traición contra la forma de gobierno establecida en las bases orgánicas  
260 |a México : imprenta de Lara, calle de la Palma número..., 18--  
300 |a [3] h., 245, 180 p. ; 22.5 cm.  
500 |a Portada tipográfica con viñeta. Texto a renglón seguido con paginación en números arábigos, notas a pie de página y signaturas. Encuadernación en cartón con lomo en piel 
650 1 0 |a Derecho penal 
700 1 |a Lara, José Mariano, 1800-1892, impr. 
852 |a Universidad Autónoma "Benito Juárez" de Oaxaca, Biblioteca Francisco de Burgoa, Colección histórica 12156 
942 |c BURHIS 
943 |g Universidad Autónoma Benito Juárez de Oaxaca. Biblioteca Francisco de Burgoa. Colección histórica 
999 |c 1120020  |d 1120020